000 00875nam a2200217Ii 4500
003 JO-AjNU
008 230605s9999||||xx |||||||||||||| ||und||
040 _aJO-AjNU
_bara
_erda
_cJO-AjNU
041 _aara
050 1 4 _aBP136.8.A4.S27 1992
100 3 _aالسقاف، حسن بن علي,
_eauthor
_941097
245 0 0 _aتناقضات الألباني الواضحات فيما وقع له في تصحيح الأحاديث وتضعيفها من أخطاء وغلطات
250 _aط9/مزيدة ومنقحة
264 3 1 _aعمان: دار الامام النووي، 1992
300 _a224ص
336 _atext
_btxt
_2rdacontent
337 _aunmediated
_bn
_2rdamedia
338 _avolume
_bnc
_2rdacarrier
490 0 _aسلسلة ابحاث علمية حديثة1
650 4 _aالحديث- اسناد- روايه- اسناد ضعيف- الالباني
_941098
999 _aA17495
_c21063
_d21063